Piłkarska kariera Andrei Pirlo. - Statystyki

Ogólne statystyki
  • Ten quiz został rozwiązany 113 razy
  • Średni wynik to 4 z 7
Statystyki odpowiedzi
Lata Drużyna % Poprawnych
2011-2015 Juventus
99%
2001-2011 Milan
93%
1998-2001 Inter
74%
2015-2018 New York City
54%
1996-1998 Brescia
25%
2001-2001 Brescia
25%
1999-2000 Reggina
9%
Nie znaleziono quizów pasujących do podanych kryteriów
Rozkład punktacji
Procent ludzi z każdym wynikiem
Percentyl według liczby udzielonych odpowiedzi
Twoja historia wyników
Nie rozwiązałeś tego quizu